Word Ladder: A Band on Halloween Quiz Stats

 Plays Quiz Updated Oct 30, 2017

Challenge
Share
Tweet
Embed
Score 0/15 Timer 03:00
0 Plays Today
Clue 5-Letter Word % Correct
Offspring of a henCHICK
98%
Verify; chess moveCHECK
97.6%
Turn the other when slapped on oneCHEEK
97.3%
◙ Band of 'I Want You to Want Me' & 'Dream Police': [first rung][rung 7] ◙
Kind of question
◙ '[Rung 7] or [Last Rung]': Children's phrase on Halloween ◙
◙ TRICK ◙
97.2%
Low in price
◙ Band of 'I Want You to Want Me' & 'Dream Police': [First Rung][Rung 7] ◙
◙ CHEAP ◙
97.1%
◙ '[Rung 7] or [Last Rung]': Children's phrase on Halloween ◙
Delightful surprise
◙ TREAT ◙
95.8%
Something eaten toasted and butteredBREAD
95.3%
Clay building blockBRICK
95.2%
Clue 5-Letter Word % Correct
Cry of a young birdCHEEP
95.1%
Heavy-set; stupidTHICK
94%
Tire imprintTREAD
93.9%
Small stream that might babbleBROOK
92.2%
Lesnar of professional wrestlingBROCK
91.5%
Extending far and wideBROAD
89.4%
Bunch of baby birdsBROOD
87.6%

Today's Daily Dose

Word Ladder
Bruno Mars Song

Get the Picture
Japanese Cars

You're not logged in!

Compare scores with friends on all Sporcle quizzes.
OR
Log In

You Might Also Like...

Show Comments

Extras

Top Quizzes Today


Score Distribution

Your Account Isn't Verified!

In order to create a playlist on Sporcle, you need to verify the email address you used during registration. Go to your Sporcle Settings to finish the process.

Report this User

Report this user for behavior that violates our Community Guidelines.

Details: